[Event "2. Bundesliga West 2005/2006"]
[Site "AUT"]
[Date "2006.03.18"]
[Round "10"]
[White "Kanonier, Klemens"]
[Black "Pitschka, Klaus"]
[Result "1-0"]
[WhiteElo "2100"]
[BlackElo "2246"]
[PlyCount "95"]
[EventDate "2005.10.??"]
[EventType "team"]
[EventRounds "11"]
[EventCountry "AUT"]
[WhiteTeam "Lochau XII"]
[BlackTeam "Inter Salzburg VIII"]
[WhiteTeamCountry "AUT"]
[BlackTeamCountry "AUT"]

1. e4 b6 2. c4 c5 3. Nc3 Bb7 4. g3 Nc6 5. Bg2 a6 6. Nge2 e6 7. O-O Qc7 8. d4
cxd4 9. Nxd4 Be7 10. Bf4 d6 11. Nde2 Nf6 12. Rc1 Ne5 13. b3 h5 14. Bg5 h4 15.
Bxh4 Nfg4 16. Bxe7 Qxe7 17. h3 Qf6 18. Nd4 O-O-O 19. Nf3 Nxf3+ 20. Qxf3 Qxf3
21. Bxf3 Ne5 22. Bg2 g5 23. Rcd1 f5 24. f4 gxf4 25. gxf4 Ng6 26. exf5 Bxg2 27.
Kxg2 Nh4+ 28. Kh2 Nxf5 29. Rfe1 Rh6 30. Ne4 Rh4 31. Ng5 Rdh8 32. Rxe6 Rxf4 33.
Nf7 Rg8 34. Re2 Kc7 35. Rg1 Rxg1 36. Kxg1 Kd7 37. Rf2 Rxf2 38. Kxf2 Ke7 39. Ng5
Kf6 40. Nf3 b5 41. cxb5 axb5 42. Ke2 b4 43. Ne1 d5 44. Nc2 Ke5 45. Nxb4 Kf4 46.
Nxd5+ Kg3 47. Kd3 Kxh3 48. a4 1-0

[Event "2. Bundesliga West 2005/2006"]
[Site "AUT"]
[Date "2006.03.18"]
[Round "10"]
[White "Novkovic, Julia"]
[Black "Pitl, Gregory"]
[Result "1/2-1/2"]
[WhiteElo "2145"]
[BlackElo "2365"]
[PlyCount "25"]
[EventDate "2005.10.??"]
[EventType "team"]
[EventRounds "11"]
[EventCountry "AUT"]
[WhiteTeam "Lochau XII"]
[BlackTeam "Inter Salzburg VIII"]
[WhiteTeamCountry "AUT"]
[BlackTeamCountry "AUT"]

1. e4 c5 2. Nc3 a6 3. a4 e6 4. Nf3 Qc7 5. g3 Nc6 6. Bg2 Rb8 7. O-O Nge7 8. d4
cxd4 9. Nxd4 Nxd4 10. Qxd4 Nc6 11. Qc4 Bd6 12. Rd1 O-O 13. Be3 1/2-1/2

[Event "2. Bundesliga West 2005/2006"]
[Site "AUT"]
[Date "2006.03.18"]
[Round "10"]
[White "Ager, Josef"]
[Black "Enigl, Karl"]
[Result "1/2-1/2"]
[WhiteElo "2246"]
[BlackElo "2122"]
[PlyCount "44"]
[EventDate "2005.10.??"]
[EventType "team"]
[EventRounds "11"]
[EventCountry "AUT"]
[WhiteTeam "Ranshofen IX"]
[BlackTeam "Mozart 1910 VI"]
[WhiteTeamCountry "AUT"]
[BlackTeamCountry "AUT"]

1. c4 Nf6 2. g3 e6 3. Bg2 d5 4. Nf3 dxc4 5. Qc2 Nbd7 6. Qxc4 c5 7. O-O b6 8.
Nd4 Ne5 9. Nc6 Nxc4 10. Nxd8 Nd5 11. Nc3 Kxd8 12. Nxd5 Bb7 13. Nc3 Bxg2 14.
Kxg2 Ne5 15. b3 Nc6 16. Bb2 Be7 17. f4 Bf6 18. g4 Ke7 19. g5 Bxc3 20. Bxc3 f6
21. Rac1 Rad8 22. d3 Nd4 1/2-1/2

[Event "2. Bundesliga West 2005/2006"]
[Site "AUT"]
[Date "2006.03.18"]
[Round "10"]
[White "Bensch, Patrick"]
[Black "Sprotte, Norbert"]
[Result "0-1"]
[WhiteElo "2293"]
[BlackElo "2273"]
[PlyCount "60"]
[EventDate "2005.10.??"]
[EventType "team"]
[EventRounds "11"]
[EventCountry "AUT"]
[WhiteTeam "Ranshofen IX"]
[BlackTeam "Mozart 1910 VI"]
[WhiteTeamCountry "AUT"]
[BlackTeamCountry "AUT"]

1. e4 e6 2. d4 d5 3. Nc3 Bb4 4. e5 c5 5. a3 Bxc3+ 6. bxc3 Qa5 7. Bd2 Qa4 8. Qb1
a6 9. Bd3 Nc6 10. Nf3 cxd4 11. O-O Nge7 12. Qb6 dxc3 13. Bxc3 O-O 14. Rfb1 Ng6
15. Qe3 Qf4 16. Qe2 f6 17. exf6 gxf6 18. Bd2 Qc7 19. c4 d4 20. Bh6 Rd8 21. Qc2
Nce5 22. Nxe5 Nxe5 23. Bf4 Nf3+ 24. gxf3 Qxf4 25. Bxh7+ Kh8 26. Qe4 Qh6 27. Kh1
Qxh7 28. Qf4 Rf8 29. Qd6 Rg8 30. Rg1 Bd7 0-1

[Event "2. Bundesliga West 2005/2006"]
[Site "AUT"]
[Date "2006.03.18"]
[Round "10"]
[White "Hicker, Harald"]
[Black "Hackbarth, Wolfgang"]
[Result "1/2-1/2"]
[WhiteElo "2179"]
[BlackElo "2135"]
[PlyCount "30"]
[EventDate "2005.10.??"]
[EventType "team"]
[EventRounds "11"]
[EventCountry "AUT"]
[WhiteTeam "Mozart 1910 VI"]
[BlackTeam "Ranshofen IX"]
[WhiteTeamCountry "AUT"]
[BlackTeamCountry "AUT"]

1. d4 e6 2. c4 f5 3. Nc3 Nf6 4. Qc2 Bb4 5. Bd2 b6 6. e3 Bb7 7. a3 Bxc3 8. Bxc3
Ne4 9. Nf3 O-O 10. Be2 d6 11. O-O Nd7 12. b4 Nxc3 13. Qxc3 Qe7 14. Rac1 c5 15.
Rfd1 Nf6 1/2-1/2

[Event "2. Bundesliga West 2005/2006"]
[Site "AUT"]
[Date "2006.03.18"]
[Round "10"]
[White "Medvegy, Zoltan"]
[Black "Tischbierek, Raj"]
[Result "1/2-1/2"]
[WhiteElo "2478"]
[BlackElo "2466"]
[PlyCount "31"]
[EventDate "2005.10.??"]
[EventType "team"]
[EventRounds "11"]
[EventCountry "AUT"]
[WhiteTeam "Ranshofen IX"]
[BlackTeam "Mozart 1910 VI"]
[WhiteTeamCountry "AUT"]
[BlackTeamCountry "AUT"]

1. d4 d5 2. Nf3 Nf6 3. c4 c6 4. e3 Bg4 5. cxd5 Bxf3 6. Qxf3 cxd5 7. Bd3 Nc6 8.
Nc3 a6 9. Qe2 e5 10. dxe5 Nxe5 11. O-O Bb4 12. Bd2 O-O 13. Rfd1 Qe7 14. Be1
Rad8 15. Rac1 Nc6 16. Bb1 1/2-1/2

[Event "2. Bundesliga West 2005/2006"]
[Site "AUT"]
[Date "2006.03.18"]
[Round "10"]
[White "Peterwagner, Heinz"]
[Black "Webersberger, Johann"]
[Result "1/2-1/2"]
[WhiteElo "2216"]
[BlackElo "2258"]
[PlyCount "23"]
[EventDate "2005.10.??"]
[EventType "team"]
[EventRounds "11"]
[EventCountry "AUT"]
[WhiteTeam "Mozart 1910 VI"]
[BlackTeam "Ranshofen IX"]
[WhiteTeamCountry "AUT"]
[BlackTeamCountry "AUT"]

1. e4 e6 2. d4 c5 3. Nf3 cxd4 4. Nxd4 a6 5. Bd3 Bc5 6. Nb3 Ba7 7. Nc3 Nc6 8.
O-O Nge7 9. Kh1 O-O 10. Qe1 Nb4 11. Be3 Bxe3 12. Qxe3 1/2-1/2

[Event "2. Bundesliga West 2005/2006"]
[Site "AUT"]
[Date "2006.03.18"]
[Round "10"]
[White "Schmidt, Georg"]
[Black "Dovzik, Juri"]
[Result "1/2-1/2"]
[WhiteElo "2363"]
[BlackElo "2405"]
[PlyCount "105"]
[EventDate "2005.10.??"]
[EventType "team"]
[EventRounds "11"]
[EventCountry "AUT"]
[WhiteTeam "Mozart 1910 VI"]
[BlackTeam "Ranshofen IX"]
[WhiteTeamCountry "AUT"]
[BlackTeamCountry "AUT"]

1. e4 c6 2. d4 d5 3. exd5 cxd5 4. c4 Nf6 5. Nc3 g6 6. Qb3 Bg7 7. cxd5 O-O 8.
Be2 Na6 9. Bf3 Qb6 10. Qxb6 axb6 11. Nge2 Nb4 12. O-O Rd8 13. d6 Rxd6 14. Bf4
Rd7 15. Rfd1 Nbd5 16. Be5 Rd8 17. Nf4 Nxf4 18. Bxf4 Bg4 19. Bxb7 Bxd1 20. Bxa8
Bg4 21. Bb7 Rxd4 22. Be3 Rd7 23. Ba6 Rd6 24. Rc1 Nd5 25. Nxd5 Rxd5 26. h3 Bxb2
27. Rb1 Rd1+ 28. Rxd1 Bxd1 29. Bxb6 Ba3 30. Bd4 Ba4 31. Bc4 Kf8 32. Kf1 Bd6 33.
Bc3 Ba3 34. Ke2 Bc6 35. g3 g5 36. Bd2 h6 37. h4 f6 38. Be3 e5 39. Kd3 Ke7 40.
Kc3 Kd6 41. hxg5 hxg5 42. Kb3 Bc5 43. a4 f5 44. a5 f4 45. Bxc5+ Kxc5 46. Kc3 e4
47. gxf4 gxf4 48. Bf1 e3 49. fxe3 fxe3 50. Be2 Bb5 51. Bxb5 Kxb5 52. Kd3 Kxa5
53. Kxe3 1/2-1/2

[Event "2. Bundesliga West 2005/2006"]
[Site "AUT"]
[Date "2006.03.18"]
[Round "10"]
[White "Blaskowski, Johannes"]
[Black "Lanka, Zigurds"]
[Result "0-1"]
[WhiteElo "2366"]
[BlackElo "2510"]
[PlyCount "78"]
[EventDate "2005.10.??"]
[EventType "team"]
[EventRounds "11"]
[EventCountry "AUT"]
[WhiteTeam "Woergl IV"]
[BlackTeam "Zillertal II"]
[WhiteTeamCountry "AUT"]
[BlackTeamCountry "AUT"]

1. e4 c5 2. Nf3 Nc6 3. d4 cxd4 4. Nxd4 Nf6 5. Nc3 d6 6. f4 e5 7. Nf3 Be7 8. Bc4
O-O 9. f5 Na5 10. Bd5 Bd7 11. Qd3 Rc8 12. Be3 b5 13. a3 Nc4 14. Bxc4 bxc4 15.
Qe2 Bc6 16. Bg5 Qb6 17. Rb1 d5 18. exd5 Bxd5 19. Bxf6 Bxf3 20. Qxf3 Bxf6 21.
Nd5 Qa5+ 22. c3 Qc5 23. Nxf6+ gxf6 24. Qf2 Rfd8 25. Qxc5 Rxc5 26. Rd1 Rb8 27.
O-O Rcb5 28. Rf2 Rxb2 29. Rxb2 Rxb2 30. Rd8+ Kg7 31. Rc8 Ra2 32. Rxc4 Rxa3 33.
Kf2 h5 34. h4 Ra2+ 35. Kf3 a5 36. g3 a4 37. Ke3 a3 38. Ra4 Ra1 39. Kd3 e4+ 0-1

[Event "2. Bundesliga West 2005/2006"]
[Site "AUT"]
[Date "2006.03.18"]
[Round "10"]
[White "Maiwald, Jens Uwe"]
[Black "Grundherr, Martin"]
[Result "1/2-1/2"]
[WhiteElo "2502"]
[BlackElo "2299"]
[PlyCount "51"]
[EventDate "2005.10.??"]
[EventType "team"]
[EventRounds "11"]
[EventCountry "AUT"]
[WhiteTeam "Zillertal II"]
[BlackTeam "Woergl IV"]
[WhiteTeamCountry "AUT"]
[BlackTeamCountry "AUT"]

1. g3 d5 2. Bg2 Nf6 3. d3 c6 4. Nf3 Bg4 5. O-O Nbd7 6. Nbd2 e5 7. e4 dxe4 8.
dxe4 Bc5 9. Qe1 O-O 10. a4 a5 11. Nc4 Re8 12. Bd2 b6 13. h3 Bxf3 14. Bxf3 Nf8
15. Bg2 Ne6 16. Rd1 Qc7 17. Kh1 b5 18. axb5 cxb5 19. Nxa5 Bb6 20. b4 Qxc2 21.
Rc1 Qd3 22. Rc3 Qd7 23. Nb3 Rac8 24. Qb1 Red8 25. Qb2 Rc4 26. Be3 1/2-1/2

[Event "2. Bundesliga West 2005/2006"]
[Site "AUT"]
[Date "2006.03.18"]
[Round "10"]
[White "Neuschmied, Siegfried"]
[Black "Gross, David"]
[Result "1-0"]
[WhiteElo "2251"]
[BlackElo "2467"]
[PlyCount "147"]
[EventDate "2005.10.??"]
[EventType "team"]
[EventRounds "11"]
[EventCountry "AUT"]
[WhiteTeam "Woergl IV"]
[BlackTeam "Zillertal II"]
[WhiteTeamCountry "AUT"]
[BlackTeamCountry "AUT"]

1. d4 Nf6 2. Nf3 e6 3. Bf4 c5 4. c3 cxd4 5. cxd4 Qb6 6. Qb3 Qxb3 7. axb3 Nc6 8.
Nc3 Bb4 9. Bd2 a6 10. e3 Rb8 11. Ne5 O-O 12. Nd3 Be7 13. Be2 Nb4 14. O-O Nxd3
15. Bxd3 d6 16. Rfc1 Bd7 17. b4 e5 18. b5 axb5 19. Nxb5 e4 20. Be2 d5 21. Ra7
Bxb5 22. Bxb5 Bd6 23. g3 h5 24. Bf1 g5 25. h3 Kg7 26. Be2 Kg6 27. Bd1 Ng8 28.
Ra5 Nf6 29. Bb3 h4 30. g4 Rfd8 31. Kg2 Bf8 32. Rc7 Bd6 33. Rc1 Bf8 34. Rb5 Rd7
35. Ra1 Kg7 36. Ra7 Be7 37. Ba5 Bf8 38. Ba4 Be7 39. Rb3 b5 40. Rxd7 Nxd7 41.
Rxb5 Rxb5 42. Bxb5 Nf6 43. Bc6 Bd6 44. Bd8 Kg6 45. Bxf6 Kxf6 46. Bxd5 Bb4 47.
Bxe4 Ke6 48. Bc2 Kd6 49. Kf3 Be1 50. Ke2 Ba5 51. f3 Bb4 52. Kd3 Ba5 53. Ke4 Bd2
54. f4 gxf4 55. Kxf4 f6 56. Bh7 Ke6 57. Bg8+ Kd6 58. Ke4 Kc6 59. b3 Kd6 60. Bc4
Ke7 61. Kd3 Ba5 62. Bd5 Kd6 63. Be4 Bb4 64. Bf5 Kc6 65. g5 fxg5 66. Kc4 Ba3 67.
e4 Bb2 68. e5 Kc7 69. Kd5 Bc3 70. Ke4 Kc6 71. Bg4 Bd2 72. d5+ Kc5 73. d6 Ba5
74. Kf5 1-0

[Event "2. Bundesliga West 2005/2006"]
[Site "AUT"]
[Date "2006.03.18"]
[Round "10"]
[White "Tabernig, Bernhard"]
[Black "Eybl, Alexander"]
[Result "1-0"]
[WhiteElo "2324"]
[BlackElo "2260"]
[PlyCount "95"]
[EventDate "2005.10.??"]
[EventType "team"]
[EventRounds "11"]
[EventCountry "AUT"]
[WhiteTeam "Zillertal II"]
[BlackTeam "Woergl IV"]
[WhiteTeamCountry "AUT"]
[BlackTeamCountry "AUT"]

1. d4 Nf6 2. c4 e6 3. Nc3 Bb4 4. Qc2 d5 5. cxd5 exd5 6. Bg5 h6 7. Bxf6 Qxf6 8.
e3 O-O 9. a3 Bxc3+ 10. Qxc3 c6 11. Nf3 Re8 12. b4 a6 13. Rc1 Bf5 14. Be2 Nd7
15. a4 Re6 16. O-O g5 17. Rfd1 g4 18. Nd2 h5 19. Nb3 h4 20. Nc5 Nxc5 21. dxc5
Qg5 22. Rd4 Rae8 23. Re1 g3 24. Bf3 Rg6 25. Qd2 gxh2+ 26. Kxh2 Be4 27. Qd1 Qe5+
28. Kh1 Bxf3 29. gxf3 Qf5 30. Kh2 Re4 31. Rxe4 dxe4 32. f4 a5 33. bxa5 Qxc5 34.
Qd8+ Kh7 35. Rg1 Qh5 36. Rxg6 Kxg6 37. Qd6+ f6 38. Qe6 Qf5 39. Qg8+ Kh5 40. Qg7
c5 41. Qxb7 Kg4 42. Qg7+ Kf3 43. a6 Qc8 44. a7 f5 45. Qf7 Qa8 46. Kg1 Ke2 47.
Qa2+ Kf3 48. Qb3 1-0

[Event "2. Bundesliga West 2005/2006"]
[Site "AUT"]
[Date "2006.03.19"]
[Round "11"]
[White "Atlas, Dimitry"]
[Black "Scheiblmaier, Robert"]
[Result "1-0"]
[WhiteElo "2330"]
[BlackElo "2159"]
[PlyCount "79"]
[EventDate "2005.10.??"]
[EventType "team"]
[EventRounds "11"]
[EventCountry "AUT"]
[WhiteTeam "Hohenems V"]
[BlackTeam "ASK Salzburg XI"]
[WhiteTeamCountry "AUT"]
[BlackTeamCountry "AUT"]

1. e4 e6 2. d4 d5 3. e5 c5 4. c3 Qb6 5. Nf3 Nc6 6. Be2 cxd4 7. cxd4 Nh6 8. b3
Nf5 9. Bb2 Bb4+ 10. Kf1 Be7 11. Nc3 O-O 12. g3 Bd7 13. Na4 Qd8 14. Rc1 f6 15.
Kg2 fxe5 16. dxe5 Rc8 17. Nc5 Nxe5 18. Nxe6 Bxe6 19. Rxc8 Qxc8 20. Bxe5 Bc5 21.
Qc1 Nh4+ 22. gxh4 Bh3+ 23. Kg1 Qg4+ 24. Bg3 Rxf3 25. Qxc5 Qe4 26. Bf1 Bxf1 27.
Kxf1 Rd3 28. Qc8+ Kf7 29. Qc7+ Ke6 30. Qd6+ Kf5 31. Qf8+ Kg6 32. h5+ Kxh5 33.
Qf7+ g6 34. Qxh7+ Kg5 35. Bh4+ Kf5 36. Qf7+ Kg4 37. Rg1+ Kh3 38. Qd7+ Kxh2 39.
Qc7+ Kh3 40. Rg3+ 1-0

[Event "2. Bundesliga West 2005/2006"]
[Site "AUT"]
[Date "2006.03.19"]
[Round "11"]
[White "Bezold, Michael"]
[Black "Juergens, Klaus"]
[Result "1-0"]
[WhiteElo "2530"]
[BlackElo "2183"]
[PlyCount "39"]
[EventDate "2005.10.??"]
[EventType "team"]
[EventRounds "11"]
[EventCountry "AUT"]
[WhiteTeam "Hohenems V"]
[BlackTeam "ASK Salzburg XI"]
[WhiteTeamCountry "AUT"]
[BlackTeamCountry "AUT"]

1. b3 e5 2. Bb2 d6 3. g3 Nf6 4. Bg2 g6 5. e3 Bg7 6. Ne2 O-O 7. c4 Nc6 8. Nbc3
Bf5 9. d3 Qd7 10. h3 h5 11. Nd5 Nh7 12. Qd2 a5 13. g4 hxg4 14. hxg4 Bxg4 15.
O-O-O Ng5 16. f4 Bf3 17. Ng3 Bxd1 18. fxg5 Qg4 19. Ne4 f5 20. gxf6 1-0

[Event "2. Bundesliga West 2005/2006"]
[Site "AUT"]
[Date "2006.03.19"]
[Round "11"]
[White "Drabke, Lorenz Maximilian"]
[Black "Teufl, Siegfried"]
[Result "0-1"]
[WhiteElo "2405"]
[BlackElo "2184"]
[PlyCount "80"]
[EventDate "2005.10.??"]
[EventType "team"]
[EventRounds "11"]
[EventCountry "AUT"]
[WhiteTeam "Hohenems V"]
[BlackTeam "ASK Salzburg XI"]
[WhiteTeamCountry "AUT"]
[BlackTeamCountry "AUT"]

1. e4 e5 2. Bc4 Nc6 3. Nc3 Nf6 4. d3 d6 5. f4 Be6 6. f5 Bxc4 7. dxc4 Qd7 8. Nh3
Be7 9. Be3 h6 10. Qf3 O-O-O 11. O-O-O Nh7 12. Qg3 Rdg8 13. c5 g6 14. cxd6 Bxd6
15. Qf2 gxf5 16. exf5 Nf6 17. Qf3 Qe7 18. Nf2 Bc5 19. Bxc5 Qxc5 20. Nfe4 Nxe4
21. Nxe4 Qa5 22. Kb1 Nd4 23. Qf2 Rg4 24. Ng3 Rf4 25. Qe3 h5 26. c3 Nc6 27. Ne4
Qb5 28. f6 Na5 29. Qxa7 Nc6 30. Qa8+ Nb8 31. Rhe1 Qc6 32. Qa3 Rxe4 33. Qe7 Rxe1
34. Rxe1 Nd7 35. Qxf7 Qxg2 36. Rd1 Qe4+ 37. Ka1 Qg4 38. Rf1 Rf8 39. Qe7 Qe2 40.
Rg1 Qf3 0-1

[Event "2. Bundesliga West 2005/2006"]
[Site "AUT"]
[Date "2006.03.19"]
[Round "11"]
[White "Loeffler, Christoph"]
[Black "Novkovic, Milan"]
[Result "1-0"]
[WhiteElo "2177"]
[BlackElo "2402"]
[PlyCount "55"]
[EventDate "2005.10.??"]
[EventType "team"]
[EventRounds "11"]
[EventCountry "AUT"]
[WhiteTeam "ASK Salzburg XI"]
[BlackTeam "Hohenems V"]
[WhiteTeamCountry "AUT"]
[BlackTeamCountry "AUT"]

1. e4 c5 2. Nc3 e6 3. f4 d5 4. Bb5+ Bd7 5. a4 dxe4 6. Nxe4 Nh6 7. Nf3 Nc6 8. c3
Be7 9. O-O Qb6 10. Kh1 Nf5 11. Qe2 h5 12. a5 Nxa5 13. Bxd7+ Kxd7 14. Ne5+ Ke8
15. Ng5 Bxg5 16. fxg5 g6 17. Qe4 Nc6 18. b4 cxb4 19. Bb2 Nxe5 20. Qxe5 Rh7 21.
cxb4 h4 22. Rxf5 gxf5 23. Bd4 Qc6 24. h3 Qe4 25. Qf6 f4 26. Bc5 Kd7 27. Qe7+
Kc8 28. Bb6 1-0

[Event "2. Bundesliga West 2005/2006"]
[Site "AUT"]
[Date "2006.03.19"]
[Round "11"]
[White "Dizdar, Goran"]
[Black "Novkovic, Julia"]
[Result "1-0"]
[WhiteElo "2542"]
[BlackElo "2145"]
[PlyCount "89"]
[EventDate "2005.10.??"]
[EventType "team"]
[EventRounds "11"]
[EventCountry "AUT"]
[WhiteTeam "Absam"]
[BlackTeam "Lochau XII"]
[WhiteTeamCountry "AUT"]
[BlackTeamCountry "AUT"]

1. d4 g6 2. e4 Bg7 3. Nf3 d6 4. Bc4 c6 5. Bb3 Nf6 6. Qe2 O-O 7. e5 Ne8 8. O-O
d5 9. h3 b6 10. Re1 Ba6 11. Qd1 Nc7 12. Nc3 Bb7 13. Ne2 c5 14. c3 Nc6 15. Nf4
c4 16. Bc2 Bc8 17. Ng5 e6 18. Nxh7 Kxh7 19. Nxg6 fxg6 20. Qh5+ Kg8 21. Bxg6 Rf5
22. Qh7+ Kf8 23. Bh6 Qd7 24. Qh8+ Ke7 25. Bxg7 Qd8 26. Qh7 Kd7 27. g4 Rf3 28.
Kg2 Rd3 29. Bf6+ Ne7 30. Re3 Ba6 31. Bxd3 cxd3 32. Rf3 Kc6 33. Bxe7 Qg8 34.
Qxg8 Rxg8 35. Rf7 Bb5 36. Kg3 a5 37. f3 a4 38. h4 Bc4 39. h5 Nb5 40. Rd1 a3 41.
Bxa3 Nxa3 42. bxa3 Ra8 43. Rd2 Rxa3 44. h6 Bxa2 45. h7 1-0

[Event "2. Bundesliga West 2005/2006"]
[Site "AUT"]
[Date "2006.03.19"]
[Round "11"]
[White "Gerhold, Michael"]
[Black "Heinritz, Dietmar"]
[Result "1-0"]
[WhiteElo "2209"]
[BlackElo "1899"]
[PlyCount "61"]
[EventDate "2005.10.??"]
[EventType "team"]
[EventRounds "11"]
[EventCountry "AUT"]
[WhiteTeam "Absam"]
[BlackTeam "Lochau XII"]
[WhiteTeamCountry "AUT"]
[BlackTeamCountry "AUT"]

1. Nf3 c5 2. c4 g6 3. e4 Bg7 4. d4 cxd4 5. Nxd4 Nc6 6. Be3 Nf6 7. Nc3 Ng4 8.
Qxg4 Nxd4 9. Qd1 Nc6 10. Qd2 h5 11. Be2 Qa5 12. Rc1 d6 13. O-O Be6 14. h3 O-O
15. f4 f5 16. exf5 Bxf5 17. Bf3 Rad8 18. g4 hxg4 19. hxg4 Be6 20. Qd3 Bf7 21.
a3 e6 22. Rc2 d5 23. cxd5 exd5 24. Ne2 a6 25. Nd4 Nxd4 26. Bxd4 Qb5 27. Qd2
Bxd4+ 28. Qxd4 Rc8 29. Rh2 Be6 30. Re1 Rfe8 31. Qh8+ 1-0

[Event "2. Bundesliga West 2005/2006"]
[Site "AUT"]
[Date "2006.03.19"]
[Round "11"]
[White "Pilz, Dieter"]
[Black "Mayr, Manfred"]
[Result "1-0"]
[WhiteElo "2331"]
[BlackElo "2141"]
[PlyCount "71"]
[EventDate "2005.10.??"]
[EventType "team"]
[EventRounds "11"]
[EventCountry "AUT"]
[WhiteTeam "Absam"]
[BlackTeam "Lochau XII"]
[WhiteTeamCountry "AUT"]
[BlackTeamCountry "AUT"]

1. Nf3 Nf6 2. g3 g6 3. Bg2 Bg7 4. O-O O-O 5. c4 d6 6. Nc3 e5 7. d3 a5 8. a3
Nbd7 9. Rb1 c6 10. e4 Nc5 11. b4 axb4 12. axb4 Ne6 13. b5 c5 14. Nd5 b6 15. h3
h6 16. Be3 Bb7 17. Ra1 Bxd5 18. cxd5 Nc7 19. Qb3 Qd7 20. Nd2 Rfb8 21. Nc4 Rxa1
22. Rxa1 Nfe8 23. Rb1 Rb7 24. Kh2 Kh7 25. h4 Bf8 26. Bh3 Qd8 27. f4 f6 28. Rf1
Ng7 29. fxe5 fxe5 30. Rf7 Be7 31. Qb1 Qe8 32. Qf1 Nxb5 33. h5 g5 34. Bf5+ Kg8
35. Bg6 Qa8 36. Rxg7+ 1-0

[Event "2. Bundesliga West 2005/2006"]
[Site "AUT"]
[Date "2006.03.19"]
[Round "11"]
[White "Froewis, Georg"]
[Black "Maux, Martin"]
[Result "0-1"]
[WhiteElo "2124"]
[BlackElo "2118"]
[PlyCount "106"]
[EventDate "2005.10.??"]
[EventType "team"]
[EventRounds "11"]
[EventCountry "AUT"]
[WhiteTeam "Lustenau VII"]
[BlackTeam "Bregenz X"]
[WhiteTeamCountry "AUT"]
[BlackTeamCountry "AUT"]

1. e4 e5 2. Nf3 Nc6 3. d4 exd4 4. Nxd4 d6 5. Nc3 Nf6 6. Nxc6 bxc6 7. Bd3 Be7 8.
O-O O-O 9. f4 Nd7 10. Be3 Bf6 11. g4 c5 12. g5 Bxc3 13. bxc3 Bb7 14. c4 Re8 15.
e5 dxe5 16. Qh5 e4 17. Be2 f5 18. g6 hxg6 19. Qxg6 Qf6 20. Qg3 Re6 21. Kf2 Kf7
22. Rab1 Bc6 23. Rg1 Rh8 24. Rg2 Qh4 25. Rbg1 Rg6 26. Qxh4 Rxg2+ 27. Rxg2 Rxh4
28. Kg3 Rh6 29. h4 Rg6+ 30. Kf2 Rxg2+ 31. Kxg2 g6 32. h5 gxh5 33. Bxh5+ Ke6 34.
Kg3 Nf6 35. Kh4 Nxh5 36. Kxh5 Ba4 37. Bxc5 a6 38. c3 Bd1+ 39. Kh4 Be2 40. Kg3
Bxc4 41. a4 a5 42. Bd4 Bb3 43. Be5 Kd7 44. c4 Kc6 45. Bc3 Kb6 46. c5+ Ka6 47.
Be5 Bxa4 48. Bxc7 Bc6 49. Kf2 Kb5 50. Ke3 a4 51. Kd4 Kb4 52. Be5 Kb3 53. Ke3
Kc2 0-1

[Event "2. Bundesliga West 2005/2006"]
[Site "AUT"]
[Date "2006.03.19"]
[Round "11"]
[White "Ginsburg, Gennadij"]
[Black "Weindl, Alfred"]
[Result "1-0"]
[WhiteElo "2513"]
[BlackElo "2352"]
[PlyCount "95"]
[EventDate "2005.10.??"]
[EventType "team"]
[EventRounds "11"]
[EventCountry "AUT"]
[WhiteTeam "Lustenau VII"]
[BlackTeam "Bregenz X"]
[WhiteTeamCountry "AUT"]
[BlackTeamCountry "AUT"]

1. e4 c5 2. Nf3 Nc6 3. d4 cxd4 4. Nxd4 Nf6 5. Nc3 d6 6. Bc4 e6 7. Be3 Be7 8.
Qe2 O-O 9. O-O-O Qc7 10. Bb3 a6 11. g4 Nxd4 12. Rxd4 b5 13. g5 Nd7 14. Qh5 Rd8
15. Rhd1 g6 16. Qe2 Nc5 17. f4 Bd7 18. f5 a5 19. fxe6 fxe6 20. Nxb5 Bxb5 21.
Qxb5 Rab8 22. Qe2 Rxb3 23. axb3 Nxb3+ 24. Kb1 Nxd4 25. Rxd4 Rc8 26. b3 Qc3 27.
Rd3 Qc6 28. Rd4 Qc3 29. Ra4 Qe5 30. h4 Bf8 31. Qg4 Kf7 32. Bd2 Bg7 33. Qf4+
Qxf4 34. Bxf4 Bc3 35. Bxd6 e5 36. Ba3 Ke6 37. Kc1 Rc7 38. Bb2 Be1 39. Kd1 Bb4
40. Bc1 Rd7+ 41. Ke2 Rc7 42. Ra2 Bc3 43. Bd2 Bd4 44. Bxa5 Ra7 45. Ra4 Rf7 46.
Be1 Rf4 47. c3 Bg1 48. Bg3 1-0

[Event "2. Bundesliga West 2005/2006"]
[Site "AUT"]
[Date "2006.03.19"]
[Round "11"]
[White "Hugentobler, Patrick"]
[Black "Herbrechtsmeier, Christof"]
[Result "1-0"]
[WhiteElo "2234"]
[BlackElo "2286"]
[PlyCount "75"]
[EventDate "2005.10.??"]
[EventType "team"]
[EventRounds "11"]
[EventCountry "AUT"]
[WhiteTeam "Lustenau VII"]
[BlackTeam "Bregenz X"]
[WhiteTeamCountry "AUT"]
[BlackTeamCountry "AUT"]

1. e4 c5 2. Nf3 Nc6 3. d4 cxd4 4. Nxd4 g6 5. c4 Nf6 6. Nc3 d6 7. Be2 Nxd4 8.
Qxd4 Bg7 9. Bg5 O-O 10. Qd2 Be6 11. Rc1 a6 12. O-O b5 13. cxb5 axb5 14. a3 Qa5
15. Bxb5 Nxe4 16. Nxe4 Qxb5 17. Bxe7 Rfb8 18. Bxd6 Rd8 19. Qf4 Qf5 20. Nc3 Qxf4
21. Bxf4 Rdc8 22. Rfe1 Bxc3 23. Rxc3 Rxc3 24. bxc3 Rxa3 25. Be5 f5 26. h4 Kf7
27. Rb1 Rb3 28. Ra1 Bd5 29. Bd4 Bb7 30. Ra5 f4 31. Rc5 h5 32. Kh2 f3 33. g4
hxg4 34. Kg3 Rb1 35. Kxg4 Be4 36. Kf4 Ba8 37. Rc7+ Ke6 38. Rg7 1-0

[Event "2. Bundesliga West 2005/2006"]
[Site "AUT"]
[Date "2006.03.19"]
[Round "11"]
[White "Volke, Karsten"]
[Black "Savchenko, Stanislav"]
[Result "1/2-1/2"]
[WhiteElo "2473"]
[BlackElo "2489"]
[PlyCount "30"]
[EventDate "2005.10.??"]
[EventType "team"]
[EventRounds "11"]
[EventCountry "AUT"]
[WhiteTeam "Bregenz X"]
[BlackTeam "Lustenau VII"]
[WhiteTeamCountry "AUT"]
[BlackTeamCountry "AUT"]

1. d4 d5 2. c4 c6 3. Nf3 Nf6 4. Nc3 dxc4 5. a4 Bf5 6. e3 e6 7. Bxc4 Bb4 8. O-O
Nbd7 9. Qe2 Bg6 10. e4 O-O 11. Bd3 Bh5 12. Bf4 Re8 13. e5 Nd5 14. Nxd5 cxd5 15.
Rfe1 a6 1/2-1/2

[Event "2. Bundesliga West 2005/2006"]
[Site "AUT"]
[Date "2006.03.19"]
[Round "11"]
[White "Bromberger, Stefan"]
[Black "Blaskowski, Johannes"]
[Result "1-0"]
[WhiteElo "2478"]
[BlackElo "2366"]
[PlyCount "95"]
[EventDate "2005.10.??"]
[EventType "team"]
[EventRounds "11"]
[EventCountry "AUT"]
[WhiteTeam "Innsbruck Rochade III"]
[BlackTeam "Woergl IV"]
[WhiteTeamCountry "AUT"]
[BlackTeamCountry "AUT"]

1. d4 Nf6 2. Nf3 e6 3. g3 b5 4. Bg2 Bb7 5. O-O Be7 6. Nbd2 O-O 7. a4 b4 8. Re1
Ne4 9. Ne5 f5 10. Nd3 d5 11. Nb3 a5 12. f3 Nf6 13. Ndc5 Qc8 14. Qd3 Bc6 15. e4
Re8 16. exf5 exf5 17. Bg5 Kf7 18. Re5 g6 19. Rae1 Na6 20. Nxa5 Bd7 21. Rxe7+
Rxe7 22. Rxe7+ Kxe7 23. Qe3+ Kf7 24. Qe5 Nxc5 25. Qxf6+ Kg8 26. dxc5 Qf8 27.
Nb3 Qxf6 28. Bxf6 Rxa4 29. f4 c6 30. Kf2 Kf7 31. Be5 Ra2 32. Ke3 Ke7 33. Nc1
Ra5 34. Nd3 Rb5 35. b3 Ke6 36. Bc7 Rb7 37. Ba5 Ra7 38. Bxb4 Ra2 39. Kd2 Be8 40.
Nc1 Ra7 41. Bc3 Ra8 42. Ne2 Ra7 43. Be5 Kd7 44. Nd4 Bf7 45. b4 Ra3 46. b5 cxb5
47. c6+ Ke7 48. Bd6+ 1-0